000 00546nam a22002297a 4500
003 UA-OsUOA
001 64086
007 ta
008 20091028b un ||||| |||| 00| 0 ukr d
100 _aИгнаткин И.А.
090 _a94(477-25)
_bИ26
942 _cBK
040 _aUA-OsUOA
_brus
_cUA-OsUOA
_dUA-OsUOA
245 _aКиев
300 _a50 с.
955 _a4
041 _arus
080 _a94(477-25)
260 _aМ.
_c1948
650 7 _a9 Географія. Біографії. Історія
_2UDC
999 _c350342
_d350342